Every Song by American Football - Statistics

General Stats
  • This quiz has been taken 12 times
    4 since last reset
  • The average score is 8 of 37
Answer Stats
Album Song % Correct
American Football(LP1)(1999) Never Meant
100%
American Football(LP3)(2019) Every Wave to Ever Rise
67%
American Football(LP3)(2019) Uncomfortably Numb
67%
Non-Album(2026) Bad Moons
33%
American Football(LP1)(1999) But the Regrets Are Killing Me
33%
American Football(LP2)(2016) Desire Gets in the Way
33%
American Football(LP2)(2016) Everyone Is Dressed Up
33%
American Football EP(1998) Five Silent Miles
33%
American Football(LP1)(1999) For Sure.
33%
American Football(LP3)(2019) Heir Apparent
33%
American Football(LP1)(1999) Honestly?
33%
American Football(LP1)(1999) I'll See You When We're Both Not So Emotional
33%
American Football(LP2)(2016) I Need a Drink (Or Two or Three)
33%
Non-Album(2021) Rare Symmetry
33%
American Football(LP1)(1999) Stay Home
33%
American Football(LP1)(Bonus)(1999) Stay Home
33%
American Football(LP1)(1999) The One with the Wurlitzer
33%
American Football(LP1)(1999) The Summer Ends
33%
American Football(LP2)(2016) Where Are We Now?
33%
American Football(LP1)(1999) You Know I Should Be Leaving Soon
33%
American Football(LP2)(2016) Born to Lose
0%
American Football(LP3)(2019) Doom in Full Bloom
0%
American Football(LP2)(2016) Give Me the Gun
0%
American Football(LP2)(2016) Home Is Where the Haunt Is
0%
American Football(LP3)(2019) I Can't Feel You
0%
American Football(LP1)(Bonus)(1999) Intro
0%
American Football(LP2)(2016) I've Been So Lost for So Long
0%
American Football EP(1998) Letters and Packages
0%
American Football(LP3)(2019) Life Support
0%
American Football(LP3)(2019) Mine to Miss
0%
American Football(LP2)(2016) My Instincts Are the Enemy
0%
American Football(LP3)(2019) Silhouettes
0%
American Football(LP1)(Bonus)(1999) The 7's
0%
American Football EP(1998) The One with the Tambourine
0%
American Football(LP1)(Bonus)(1999) Untitled #1
0%
American Football(LP1)(Bonus)(1999) Untitled #2
0%
American Football(LP1)(Bonus)(1999) Untitled #3
0%
No matching quizzes found
Score Distribution
Percent of People with Each Score
Percentile by Number Answered
Your Score History
You have not taken this quiz since the last reset